Essential weber (Record no. 545658)

MARC details
000 -LEADER
fixed length control field 00832nam a2200217Ia 4500
008 - FIXED-LENGTH DATA ELEMENTS--GENERAL INFORMATION
fixed length control field 240825s9999 xx 000 0 und d
020 ## - INTERNATIONAL STANDARD BOOK NUMBER
ISBN 9780367630492
Paper back/Hardbound hbk
041 ## - LANGUAGE CODE
Language code of text/sound track or separate title eng
082 ## - DEWEY DECIMAL CLASSIFICATION NUMBER
Classification number 301
Item number WHI
100 ## - MAIN ENTRY--AUTHOR NAME
Personal name Whimster, Sam
245 #0 - TITLE STATEMENT
Title Essential weber
Statement of responsibility, etc /Sam Whimster
Sub Title a reader
250 ## - EDITION STATEMENT
Edition statement 1st ed.
260 ## - PUBLICATION, DISTRIBUTION, ETC. (IMPRINT)
Name of publisher Routledge
Year of publication c2004
Place of publication New York
300 ## - PHYSICAL DESCRIPTION
Number of Pages viii, 422 p.
Dimensions 23 cm.
500 ## - GENERAL NOTE
General note Reprint, 2021
504 ## - BIBLIOGRAPHY, ETC. NOTE
Bibliography, etc Includes index
520 ## - SUMMARY, ETC.
Summary, etc Selected by one of the world's leading Weber scholars, this book introduces his work to a new generation of readers. With many readings being specially translated for this collection, Weber speaks anew in the idiom of the twenty-first century.
650 ## - SUBJECT ADDED ENTRY--TOPICAL TERM
Topical Term Religion and sociology; Social stratification; Sociological theories
942 ## - ADDED ENTRY ELEMENTS (KOHA)
Koha item type English Books
Holdings
Withdrawn status Lost status Damaged status Not for loan Home library Current library Shelving location Date acquired Cost, normal purchase price Full call number Accession Number Price effective from Koha item type Copy number
        Anna Centenary Library Anna Centenary Library 3RD FLOOR, B WING 04.04.2024 2195.00 301 WHI 678325 04.04.2024 Reference  
        Anna Centenary Library Anna Centenary Library 3RD FLOOR, B WING 04.04.2024 2195.00 301 WHI;1 678326 04.04.2024 Reference 1

Find us on the map